Pages françaises / (Record no. 179328)
[ view plain ]
| 000 -LEADER | |
|---|---|
| campo de control de longitud fija | 00643nam a2200193 i 4500 |
| 001 - NÚMERO DE CONTROL | |
| campo de control | 179328 |
| 003 - IDENTIFICADOR DE NÚMERO DE CONTROL | |
| campo de control | ES-MaACL |
| 005 - FECHA Y HORA DE LA ÚLTIMA TRANSACCIÓN | |
| campo de control | 20250801094347.0 |
| 008 - DATOS DE LONGITUD FIJA--INFORMACIÓN GENERAL | |
| campo de control de longitud fija | 111103s1917 fr |||| | fre d |
| 245 00 - MENCIÓN DEL TÍTULO | |
| Título | Pages françaises / |
| Mención de responsabilidad, etc. | Jules Lemaitre... [et al.]. |
| 260 ## - PUBLICACIÓN, DISTRIBUCIÓN, ETC. | |
| Lugar de publicación, distribución, etc. | [S.l. : |
| Nombre del editor, distribuidor, etc. | s.n., |
| Fecha de publicación, distribución, etc. | 1917?] ( |
| Lugar de fabricación/manufactura | Mayenne : |
| Fabricante | Charles Colin) |
| 300 ## - DESCRIPCIÓN FÍSICA | |
| Extensión | VIII, 348 p. ; |
| Dimensiones | 25 cm. |
| 590 0# - NOTA LOCAL (RLIN) | |
| Nota local | Ejemplar sin portada, datos tomados de la portadilla y el texto. |
| 650 #4 - PUNTO DE ACCESO ADICIONAL DE MATERIA--TÉRMINO DE MATERIA | |
| Término de materia o nombre geográfico como elemento de entrada | Lengua francesa- |
| Subdivisión de forma | Lecturas. |
| 9 (RLIN) | 139019 |
| 650 #7 - PUNTO DE ACCESO ADICIONAL DE MATERIA--TÉRMINO DE MATERIA | |
| Término de materia o nombre geográfico como elemento de entrada | Literatura francesa |
| Fuente del encabezamiento o término | embne |
| 9 (RLIN) | 14582 |
| 700 1# - ENTRADA AGREGADA--NOMBRE PERSONAL | |
| Nombre de persona | Lemaitre, Jules. |
| 9 (RLIN) | 71458 |
| 852 ## - LOCALIZACIÓN | |
| Ubicación | ES-MaACL |
| Número de control de estantería | G-5713 |
| Estatus retirado | Estado de pérdida | Estado de daño | No para préstamo | Biblioteca de origen | Biblioteca actual | Ubicación en estantería | Fecha de adquisición | Fuente de adquisición | Total de préstamos | Signatura topográfica completa | Código de barras | Visto por última vez | Precio de reemplazo | Tipo de ítem Koha |
|---|---|---|---|---|---|---|---|---|---|---|---|---|---|---|
| Biblioteca del Ateneo de Madrid | Biblioteca del Ateneo de Madrid | Depósito 2 | 03/11/2011 | G-5713 | 1188386 | 23/02/2023 | 23/02/2023 | Libro impreso |
